000 00548nam a2200193 4500
001 VA33204
003 ES-SlBCS
005 20210601154101.0
008 140520s1978 xxu||||| |||| 00| 0 spa d
041 _aspa
100 1 _aKaesemann, Ernst
_915434
245 1 0 _aEnsayos exegéticos
_cErnst Kaesemann; Ramón Fernández
260 _aSalamanca :
_bSígueme
_c, 1978
300 _a300 p.;
_c21 cm
490 0 _aBiblioteca de Estudios Bíblicos
_v20
650 _aEnsayos Exegéticos
_9365871
700 1 0 _aFernández, Ramón
_9221701
942 _cBK
999 _c799900
_d799900